| 000 | 00570nam a22001817a 4500 | ||
|---|---|---|---|
| 005 | 20251108172514.0 | ||
| 008 | 250721s9999 xx 000 0 ara d | ||
| 082 | 1 | 4 | _a342غبر |
| 100 | 1 | _aغبريال، وجدي ثابت | |
| 245 | 1 | 0 | _aمبدأالمساواة أمام أعباء العامة كأساس للمسؤولية الإدارية / |
| 264 | 1 |
_aالإسكندرية : _bمنشأة المعارف، |
|
| 300 | _a160ص. | ||
| 650 | 1 | 7 | _aالقانون الإداري |
| 650 | 1 | 7 | _aمصر |
| 650 | 1 | 7 | _aفرنسا |
| 942 |
_2ddc _cBK |
||
| 999 |
_c81062 _d81062 |
||